| Tag |
First Indicator |
Second Indicator |
Subfields |
| LEADER |
00000cas a2200000 4500 |
| 001 |
in00000307442 |
| 005 |
20151010151211.0 |
| 008 |
751101d18461976enkar r 0 a0eng c |
| 010 |
|
|
|a ca 07006361
|z sn 82008220
|
| 016 |
7 |
|
|a 7805250
|2 DNLM
|
| 016 |
7 |
|
|a N22040000
|2 DNLM
|
| 022 |
0 |
|
|a 0078-043X
|l 0078-043X
|2 z
|
| 029 |
1 |
|
|a NLM
|b 7805250
|
| 029 |
1 |
|
|a NLGGC
|b 851101224
|
| 029 |
1 |
|
|a NZ1
|b 3194839
|
| 029 |
1 |
|
|a NZ1
|b 4742035
|
| 029 |
1 |
|
|a AU@
|b 000000930533
|
| 029 |
1 |
|
|a AU@
|b 000006621079
|
| 029 |
1 |
|
|a AU@
|b 000044140895
|
| 029 |
1 |
|
|a AU@
|b 000044763454
|
| 035 |
|
|
|a (OCoLC)ocm01760326
|
| 035 |
|
|
|a (OCoLC)01760326
|
| 035 |
|
|
|9 ABH9325AM
|
| 035 |
|
|
|a (OCoLC)1760326
|
| 040 |
|
|
|a MUL
|c MUL
|d YUS
|d NLM
|d IUL
|d NSD
|d DLC
|d RCS
|d NST
|d OCLCQ
|d NLGGC
|d LVB
|d OCLCQ
|d UtOrBLW
|
| 042 |
|
|
|a nsdp
|a pcc
|
| 043 |
|
|
|a e-uk---
|
| 049 |
|
|
|a TXAM
|
| 060 |
1 |
0 |
|a Z 6956.E5
|b N558
|
| 082 |
0 |
4 |
|a 072/.91
|2 19
|
| 090 |
|
|
|a Z6956.E5
|b M6
|
| 210 |
0 |
|
|a Newsp. press dir.
|
| 222 |
|
0 |
|a Newspaper press directory
|
| 245 |
0 |
0 |
|a Newspaper press directory.
|
| 264 |
|
1 |
|a Tonbridge [England etc.] :
|b Benn [etc.]
|
| 300 |
|
|
|a 125 volumes ;
|c 29 cm.
|
| 310 |
|
|
|a Annual
|
| 336 |
|
|
|a text
|b txt
|2 rdacontent
|
| 337 |
|
|
|a unmediated
|b n
|2 rdamedia
|
| 338 |
|
|
|a volume
|b nc
|2 rdacarrier
|
| 362 |
0 |
|
|a 1846-1976.
|
| 500 |
|
|
|a At head of title, <1970>: Benn's guide to newspapers and periodicals of the world.
|
| 515 |
|
|
|a None issued 1941-44.
|
| 650 |
|
0 |
|a Press
|z Great Britain
|v Directories.
|
| 650 |
|
0 |
|a Press
|v Directories.
|
| 650 |
|
2 |
|a Newspapers
|z Great Britain
|v Directory.
|
| 650 |
|
2 |
|a Periodicals
|z Great Britain
|v Directory.
|
| 650 |
1 |
7 |
|a Nieuwsbladen.
|2 gtt
|
| 650 |
|
6 |
|a Journaux anglais
|v Répertoires.
|
| 650 |
|
6 |
|a Périodiques anglais
|v Répertoires.
|
| 650 |
|
6 |
|a Publicité
|v Répertoires.
|
| 650 |
|
6 |
|a Édition
|v Répertoires.
|
| 650 |
|
0 |
|a English newspapers
|x Directories.
|
| 650 |
|
0 |
|a English periodicals
|x Directories.
|
| 650 |
|
0 |
|a Advertising
|z Great Britain
|x Directories.
|
| 785 |
0 |
0 |
|t Benn's press directory
|w (DLC) 78642454
|w (OCoLC)4187909
|
| 776 |
0 |
8 |
|i Online version:
|t Newspaper press directory
|w (OCoLC)559361549
|
| 850 |
|
|
|a CU-I
|a DLC
|a IaU
|a In
|a NcD
|a NcRS
|a NjR
|a NvU
|
| 936 |
|
|
|a 125th, 1976
|
| 949 |
|
|
|a updated
|b h
|c 2010/7/5
|e vilik
|f 1:47:46 pm
|
| 994 |
|
|
|a C0
|b TXA
|
| 999 |
|
|
|a MARS
|
| 999 |
f |
f |
|s 5e980a1a-a3c5-3e7c-ab4a-1c452f453ad0
|i 561edd2b-e1ee-3913-abf2-478a6dbc4a72
|t 0
|
| 952 |
f |
f |
|p ric
|a Texas A&M University
|b Rellis Campus
|c Joint Library Facility
|d Remote Storage
|t 0
|e Z6956.E5 M6
|h Library of Congress classification
|i unmediated -- volume
|k 124th ed.
|l 1975
|m A14838615789
|
| 952 |
f |
f |
|p ric
|a Texas A&M University
|b Rellis Campus
|c Joint Library Facility
|d Remote Storage
|t 0
|e Z6956.E5 M6
|h Library of Congress classification
|i unmediated -- volume
|k 114th ed.
|l 1965
|m A14838615810
|
| 952 |
f |
f |
|p ric
|a Texas A&M University
|b Rellis Campus
|c Joint Library Facility
|d Remote Storage
|t 0
|e Z6956.E5 M6
|h Library of Congress classification
|i unmediated -- volume
|k 115th ed.
|l 1966
|m A14838615828
|
| 952 |
f |
f |
|p ric
|a Texas A&M University
|b Rellis Campus
|c Joint Library Facility
|d Remote Storage
|t 0
|e Z6956.E5 M6
|h Library of Congress classification
|i unmediated -- volume
|k 120th ed.
|l 1971
|m A14838615747
|
| 952 |
f |
f |
|p ric
|a Texas A&M University
|b Rellis Campus
|c Joint Library Facility
|d Remote Storage
|t 0
|e Z6956.E5 M6
|h Library of Congress classification
|i unmediated -- volume
|k 106th ed.
|l 1957
|m A14838615145
|
| 952 |
f |
f |
|p ric
|a Texas A&M University
|b Rellis Campus
|c Joint Library Facility
|d Remote Storage
|t 0
|e Z6956.E5 M6
|h Library of Congress classification
|i unmediated -- volume
|k 123rd ed.
|l 1974
|m A14838615797
|
| 952 |
f |
f |
|p ric
|a Texas A&M University
|b Rellis Campus
|c Joint Library Facility
|d Remote Storage
|t 0
|e Z6956.E5 M6
|h Library of Congress classification
|i unmediated -- volume
|k 105th ed.
|l 1956
|m A14838615137
|
| 952 |
f |
f |
|p ric
|a Texas A&M University
|b Rellis Campus
|c Joint Library Facility
|d Remote Storage
|t 0
|e Z6956.E5 M6
|h Library of Congress classification
|i unmediated -- volume
|k 125th ed.
|l 1976
|m A14838615771
|
| 952 |
f |
f |
|p ric
|a Texas A&M University
|b Rellis Campus
|c Joint Library Facility
|d Remote Storage
|t 0
|e Z6956.E5 M6
|h Library of Congress classification
|i unmediated -- volume
|k 102nd ed
|l 1953
|m A14841541753
|
| 952 |
f |
f |
|p ric
|a Texas A&M University
|b Rellis Campus
|c Joint Library Facility
|d Remote Storage
|t 0
|e Z6956.E5 M6
|h Library of Congress classification
|i unmediated -- volume
|k 112th ed
|l 1963
|m A14838615195
|
| 952 |
f |
f |
|p ric
|a Texas A&M University
|b Rellis Campus
|c Joint Library Facility
|d Remote Storage
|t 0
|e Z6956.E5 M6
|h Library of Congress classification
|i unmediated -- volume
|k 111th ed.
|l 1962
|m A14838615187
|
| 952 |
f |
f |
|p ric
|a Texas A&M University
|b Rellis Campus
|c Joint Library Facility
|d Remote Storage
|t 0
|e Z6956.E5 M6
|h Library of Congress classification
|i unmediated -- volume
|k 121st ed
|l 1972
|m A14838615739
|
| 952 |
f |
f |
|p ric
|a Texas A&M University
|b Rellis Campus
|c Joint Library Facility
|d Remote Storage
|t 0
|e Z6956.E5 M6
|h Library of Congress classification
|i unmediated -- volume
|k 116th ed.
|l 1967
|m A14838615836
|
| 952 |
f |
f |
|p ric
|a Texas A&M University
|b Rellis Campus
|c Joint Library Facility
|d Remote Storage
|t 0
|e Z6956.E5 M6
|h Library of Congress classification
|i unmediated -- volume
|k 117th ed.
|l 1968
|m A14838615844
|
| 952 |
f |
f |
|p ric
|a Texas A&M University
|b Rellis Campus
|c Joint Library Facility
|d Remote Storage
|t 0
|e Z6956.E5 M6
|h Library of Congress classification
|i unmediated -- volume
|k 122nd ed.
|l 1973
|m A14838615802
|
| 952 |
f |
f |
|p ric
|a Texas A&M University
|b Rellis Campus
|c Joint Library Facility
|d Remote Storage
|t 0
|e Z6956.E5 M6
|h Library of Congress classification
|i unmediated -- volume
|k 107th ed.
|l 1958
|m A14838615153
|
| 952 |
f |
f |
|p ric
|a Texas A&M University
|b Rellis Campus
|c Joint Library Facility
|d Remote Storage
|t 0
|e Z6956.E5 M6
|h Library of Congress classification
|i unmediated -- volume
|k 113th ed.
|l 1964
|m A14838615200
|
| 952 |
f |
f |
|p ric
|a Texas A&M University
|b Rellis Campus
|c Joint Library Facility
|d Remote Storage
|t 0
|e Z6956.E5 M6
|h Library of Congress classification
|i unmediated -- volume
|k 118th ed.
|l 1969
|m A14838615755
|
| 952 |
f |
f |
|p ric
|a Texas A&M University
|b Rellis Campus
|c Joint Library Facility
|d Remote Storage
|t 0
|e Z6956.E5 M6
|h Library of Congress classification
|i unmediated -- volume
|k 108th ed.
|l 1959
|m A14838615161
|
| 952 |
f |
f |
|p ric
|a Texas A&M University
|b Rellis Campus
|c Joint Library Facility
|d Remote Storage
|t 0
|e Z6956.E5 M6
|h Library of Congress classification
|i unmediated -- volume
|k 110th ed.
|l 1961
|m A14838615179
|
| 952 |
f |
f |
|p ric
|a Texas A&M University
|b Rellis Campus
|c Joint Library Facility
|d Remote Storage
|t 0
|e Z6956.E5 M6
|h Library of Congress classification
|i unmediated -- volume
|k 103rd ed
|l 1954
|m A14841541745
|
| 952 |
f |
f |
|p ric
|a Texas A&M University
|b Rellis Campus
|c Joint Library Facility
|d Remote Storage
|t 0
|e Z6956.E5 M6
|h Library of Congress classification
|i unmediated -- volume
|k 104th ed
|l 1955
|m A14841541737
|
| 952 |
f |
f |
|p ric
|a Texas A&M University
|b Rellis Campus
|c Joint Library Facility
|d Remote Storage
|t 0
|e Z6956.E5 M6
|h Library of Congress classification
|i unmediated -- volume
|k 109th ed.
|l 1960
|m A14837521725
|
| 952 |
f |
f |
|p ric
|a Texas A&M University
|b Rellis Campus
|c Joint Library Facility
|d Remote Storage
|t 0
|e Z6956.E5 M6
|h Library of Congress classification
|i unmediated -- volume
|k 119th ed.
|l 1970
|m A14837521767
|
| 998 |
f |
f |
|a Z6956.E5 M6
|s 102nd-125th issue (1953-1976)
|t 0
|l Remote Storage
|